000
00326pab a2200145 454500
008
180718b1987 xxu||||| |||| 00| 0 eng d
100
_a
Bhattacharyya, N.
245
_a
Distorted drug policy 1986
260
_c
1987
300
_a
25-7
362
_a
17 Jan.
650
_a
Drugs - India
773
_a
Mainstream
909
_a
7473
999
_c
7473
_d
7473